| 000 | 00622nam a2200181 i 4500 | ||
|---|---|---|---|
| 001 | bg | ||
| 100 | 1 | _aFIKUS, Marian | |
| 245 | 1 | 0 |
_aPrzestrzeń w autorskich zapisach graficznych / _cMarian Fikus ; Politechnika Poznanska. Instytut Architektury i Planowania Przestrzennego. |
| 260 |
_aPoznań : _bWydawnictwo Politechniki Poznańskiej, _c1991. |
||
| 650 | 9 | _aArchitektura | |
| 650 | 9 | _aPlanowanie przestrzenne | |
| 710 | 0 |
_aPolitechnika Poznańska _bInstytut Architektury i Planowania Przestrzennego |
|
| 040 | _cBPK | ||
| 041 | 0 | _apol | |
| 080 | _a71/72 | ||
| 942 | _cKS | ||
| 008 | s pl f |000 0 pol | ||
| 999 |
_c10617 _d10617 |
||
| 856 |
_uhttp://koha.tu.koszalin.pl/cgi-bin/koha/opac-detail.pl?biblionumber=10617 _yKatalog online BPK |
||